Notes sur la crise de la régulation étatique / par Xavier Arbós
Descripción Física:
44 p. ; 21 cm
MARC
| LEADER | 00000nam a2200000Ia 4500 | ||
|---|---|---|---|
| 001 | 16396 | ||
| 008 | 160829s1991 xx 000 0 cat d | ||
| 080 | |a FU-43-22 | ||
| 100 | |a Arbós, Xavier |9 23759 | ||
| 245 | |a Notes sur la crise de la régulation étatique / par Xavier Arbós | ||
| 260 | |a Barcelona : |b Institut de Ciències Polítiques i Socials, |c 1991 | ||
| 300 | |a 44 p. ; |c 21 cm | ||
| 490 | |a Working papers / Institut de Ciències Polítiques i Socials ; 39 | ||
| 590 | |a Notes. | ||
| 590 | |a Bibliografia | ||
| 650 | 0 | |a Política social |9 35716 | |
| 650 | 0 | |a Política econòmica |9 23714 | |
| 710 | 2 | |a Institut de Ciències Polítiques i Socials (Barcelona, Catalunya) |9 55871 | |
| 901 | |a Arxiu | ||
| 942 | |n 1 | ||
| 952 | |0 0 |1 0 |4 0 |6 FU4322 |7 1 |9 42840 |a Arxiu |b Arxiu |d 2016-12-01 |l 0 |o FU-43-22 |p 16396 |r 2016-12-01 00:00:00 |w 2016-12-01 |y ARXIU | ||
| 999 | |c 45346 |d 45346 | ||